Percy Jackson HoO Top 50 Names - Statistics

General Stats
  • This quiz has been taken 526 times
  • The average score is 31 of 50
Answer Stats
# Names % Correct
2 Annabeth Chase
100%
1 Percy Jackson
100%
3 Jason Grace
95%
8 Nico Di Angelo
94%
6 Frank Zhang
93%
4 Hazel Levesque
93%
5 Leo Valdez
93%
7 Piper Mclean
93%
18 Zeus
91%
21 Poseidon
86%
9 Reyna Avila Ramírez-Arellano
86%
27 Hades
81%
13 Grover Underwood
80%
22 Athena
76%
17 Hera
76%
12 Thalia Grace
75%
19 Apollo
74%
24 Ares
74%
32 Jupiter
72%
25 Aphrodite
71%
20 Artemis
71%
43 Chiron
70%
10 Gaia
68%
16 Octavian
68%
33 Neptune
65%
14 Coach Gleeson Hedge
63%
35 Mars
63%
29 Dionysus
59%
49 Will Solace
59%
28 Hephaestus
58%
31 Juno
58%
45 Sally Jackson
56%
48 Tyson
56%
23 Hermes
55%
34 Minerva
55%
36 Venus
49%
44 Rachel Elizabeth Dare
47%
30 Demeter
45%
47 Bob
42%
40 Bacchus
41%
41 Calypso
38%
38 Vulcan
38%
39 Mercury
37%
26 Hestia
36%
42 Arachne
31%
50 Festus
31%
15 Ella
30%
11 Riptide
20%
46 Tristan Mclean
14%
37 Daina
6%
No matching quizzes found
Score Distribution
Percent of People with Each Score
Percentile by Number Answered
Your Score History
You have not taken this quiz